000 00613nam a2200229 i 4500
001 bg
100 1 _aOTREMBA, Zbigniew
245 1 0 _aWybrane zagadnienia fizyki klasycznej /
_cZbigniew Otremba.
260 _aGdynia :
_bWydaw. Akademii Morskiej,
_c2004.
300 _a102 s. :
_bportr., rys., tab., wykr. ;
_c25 cm.
504 _aIndeks.
650 9 _aFizyka
655 _aPodręczniki akademickie
015 _aPB 21713/2004
020 _a8387875899
040 _cBPK
041 0 _apol
080 _a53(075.8)
920 _a83-87875-89-9
942 _cKS
008 s pl f |000 0 pol
999 _c46704
_d46704
856 _uhttp://koha.tu.koszalin.pl/cgi-bin/koha/opac-detail.pl?biblionumber=46704
_yKatalog online BPK